Citrix CCA : (رقم التسجيلة. 3700)

تفاصيل مارك
000 -الفاتح
حقل البيانات ثابتة الطول 01194cam a22003257a 4500
001 - رقم الضبط
رقم الضبط 13624584
003 - محدد رقم الضبط
رقم الضبط OSt
005 - وقت وتاريخ اخر تعامل مع التسجيلة
رقم الضبط 20150408113748.0
008 - عناصر البيانات ثابتة الطول - معلومات عامة
حقل البيانات ثابتة الطول 040615s2005 inu f 000 0 eng d
010 ## - رقم ضبط مكتبة الكونجرس
رقم ضبط مكتبة الكونجرس 2004108925
015 ## - رقم الببليوجرافية الوطنية
رقم الببليوجرافية الوطنية GBA489958
المصدر bnb
016 7# - رقم ضبط الوكاله الوطنية للضبط الببليوجرافي
رقم ضبط التسجيلة 013064603
المصدر Uk
020 ## - الرقم الدولى المعيارى للكتب
الرقم الدولى المعيارى للكتاب 0789732467 (pbk.)
035 ## - رقم ضبط النظام
رقم ضبط النظام (OCoLC)ocm65464628
040 ## - مصدر الفهرسة
وكالة الفهرسة الأصلية UKM
وكالة النسخ UKM
وكالة التعديل DLC
042 ## - رمز التحقق
رمز التحقق lccopycat
050 00 - رقم طلب مكتبة الكونجرس
رقم التصنيف QA76.9.C55
رقم المادة M3945 2006
082 04 - رقم تصنيف ديوى العشرى
رقم التصنيف 005.4476
رقم الطبعة 22
100 1# - المدخل الرئيسى - إسم شخصى
الإسم الشخصى Mathers, Todd W.
9 (RLIN) 8796
245 10 - بيان العنوان
العنوان Citrix CCA :
بقية العنوان metaframe presentation server 3.0 and 4.0
بيان المسئوليه,etc Todd Mathers.
260 ## - PUBLICATION, DISTRIBUTION, ETC. (IMPRINT)
مكان الناشر او الموزع Indianapolis, Ind. :
اسم الناشر او الموزع Que,
تاريخ النشر أو التوزيع c2006.
300 ## - الوصف المادى
التعداد xxxviii, 634 p.
تفاصيل ماديه اخرى للوعاء ill.
أبعاد الوعاء 23 cm. +
المادة المصاحبة 1 CD-ROM (4 3/4 in.)
440 #0 - بيان السلسلة/مدخل إضافى-العنوان
العنوان Exam cram
9 (RLIN) 8797
525 ## - تبصرة ملاحق
تبصرة ملاحق Includes CD-ROM.
630 00 - المدخل الاضافى بالموضوع - عنوان موحد
عنوان موحد Citrix MetaFrame (Computer file)
التقسيم الفرعي العام Examinations.
9 (RLIN) 8798
650 #0 - المدخل الاضافى بالموضوع-مصطلح موضوعى
مصطلح موضوعي أو اسم جغرافي كعنصر مدخل Electronic data processing personnel
التقسيم الفرعي العام Certification
التقسيم الفرعي الشكلي Study guides.
9 (RLIN) 7735
650 #0 - المدخل الاضافى بالموضوع-مصطلح موضوعى
مصطلح موضوعي أو اسم جغرافي كعنصر مدخل Client/server computing
التقسيم الفرعي العام Examinations
التقسيم الفرعي الشكلي Study guides.
9 (RLIN) 8799
942 ## - عناصر المدخل الإضافي( كوها)
مصدر التصنيف او مخطط الترفيف Dewey Decimal Classification
Koha [default] item type كتاب
المقتنيات
حالة الفقد نموذج السعر الفعال حالة تلف ليس للاعارة رقم الطلب تاريخ الاكتساب الموقع الحالي الباركود الفرع الرئيسي Date last seen نوع المادة فى نظام كوها مصدر التصنيف او خطة الترفيف Total Checkouts
  2013-03-10     005.4476 M T C 2011-12-20 مكتبة مجمع الكليات بالزلفى - طلاب (SZM) 00012318 مكتبة مجمع الكليات بالزلفى - طلاب (SZM) 2013-03-10 كتاب Dewey Decimal Classification  
  2013-03-10     005.4476 M T C 2011-12-20 مكتبة مجمع الكليات بالزلفى - طلاب (SZM) 00012317 مكتبة مجمع الكليات بالزلفى - طلاب (SZM) 2013-03-10 كتاب Dewey Decimal Classification  
  2013-03-10     005.4476 M T C 2011-12-20 مكتبة مجمع الكليات بالزلفى - طلاب (SZM) 00012316 مكتبة مجمع الكليات بالزلفى - طلاب (SZM) 2013-03-10 كتاب Dewey Decimal Classification